000 00361nam a2200133Ia 4500
008 231129s1998||||xx |||||||||||||| ||spa||
040 _bspa
082 _a616.5 Z94t
100 _aZuluaga de C. Angela
245 0 _aTerapia dermatologica
260 _c1998
264 _aMedellí­n Colombia: Corporación para Investigaciones Biológicas
942 _2ddc
_cBKS
999 _c25275
_d25275